| 000 | 00348nam a22001337a 4500 | ||
|---|---|---|---|
| 003 | OSt | ||
| 005 | 20160727222458.0 | ||
| 008 | 160705b xxu||||| |||| 00| 0 eng d | ||
| 100 |
_92236 _a Murray, J.W |
||
| 245 | _aWalk the High Horizon | ||
| 260 |
_aPhiladelphia _b The Westminister Press _c1974 |
||
| 300 | _aWalk the High Horizon | ||
| 942 |
_2ddc _cBK |
||
| 999 |
_c1926 _d1926 |
||